000 00264 a2200121 4500
999 _c12012
_d12012
008 240111b ||||| |||| 00| 0 eng d
020 _a9788972129842
082 _a720
100 _aA & C
245 _aArchitecture Details vol2
260 _bA & C
942 _2ddc